00680nam a2200169 a 450000100100000000500170001000800410002704000250006808200150009310000370010824501180014526000450026330000210030870000500032995201140037999900170049300003692320200930080026.0120206s1975 pr 000 0 spa d aDO-SdBNPbspacBNPHU axxxbF825a1 aFranco Oppenheimer, Felix96332310aAntología poética (1950-1972) /cFelix Franco Oppenheimer ; prologó por el Dr. Rafael A. González Torres. aRio Piedras, Puerto Rico :bEdil,c1975. a198 p. ;c23 cm.1 aGonzález Torres, Rafael A.,epról.914639 0010507-18MOaGRbGRcOId2012-02-06iLF1l0oxxx F825ap36923-10r2020-06-25w2020-06-25y1ZNo se presta c36413d36413